Railway accidents: the human failure dimension (Record no. 481487)

000 -LEADER
fixed length control field 00426cam a22001337a 4500
008 - FIXED-LENGTH DATA ELEMENTS--GENERAL INFORMATION
fixed length control field 180718b1996 xxu||||| |||| 00| 0 eng d
082 ## - DEWEY DECIMAL CLASSIFICATION NUMBER
Classification number APPPA 95-96 MAT
100 ## - MAIN ENTRY--PERSONAL NAME
Personal name Mathur, D.N.
245 ## - TITLE STATEMENT
Title Railway accidents: the human failure dimension
Statement of responsibility, etc. by D.N. Mathur
260 ## - PUBLICATION, DISTRIBUTION, ETC.
Place of publication, distribution, etc. New Delhi
Name of publisher, distributor, etc. Indian Institute of Public Administration
Date of publication, distribution, etc. 1996
300 ## - PHYSICAL DESCRIPTION
Extent 102p.
650 ## - SUBJECT ADDED ENTRY--TOPICAL TERM
Topical term or geographic name entry element Railroad law - India
650 ## - SUBJECT ADDED ENTRY--TOPICAL TERM
Topical term or geographic name entry element Railroad accidents - India
Holdings
Withdrawn status Lost status Damaged status Not for loan Permanent Location Current Location Date acquired Full call number Barcode Date last seen Price effective from Koha item type
        Indian Institute of Public Administration Indian Institute of Public Administration 2018-08-04 APPPA 95-96 MAT GR14200 2018-08-04 2018-08-04 GR

Powered by Koha